Vector analysis with applications (Record no. 5838)

000 -LEADER
fixed length control field 00528nam a22002051 4500
001 - CONTROL NUMBER
control field 5838
003 - CONTROL NUMBER IDENTIFIER
control field BD-DhUET
008 - FIXED-LENGTH DATA ELEMENTS--GENERAL INFORMATION
fixed length control field 861017s1932 enka 000 0 eng c
020 ## - INTERNATIONAL STANDARD BOOK NUMBER
International Standard Book Number 8122405487
040 ## - CATALOGING SOURCE
Original cataloging agency DLC/ICU
Transcribing agency CGU
Modifying agency BD-DhUET
082 0# - DEWEY DECIMAL CLASSIFICATION NUMBER
Classification number 516.83
Item number ALI/1993
100 ## - MAIN ENTRY--PERSONAL NAME
Personal name Ali Ashraf, Md.
245 10 - TITLE STATEMENT
Title Vector analysis with applications
250 ## - EDITION STATEMENT
Edition statement 3rd ed.
260 ## - PUBLICATION, DISTRIBUTION, ETC. (IMPRINT)
Place of publication, distribution, etc. New Delhi
Name of publisher, distributor, etc. Wiley Eastern
Date of publication, distribution, etc. 1993
300 ## - PHYSICAL DESCRIPTION
Extent xv,308p.
Other physical details ill.
Dimensions 23 cm.
504 ## - BIBLIOGRAPHY, ETC. NOTE
Bibliography, etc Includes bibliographies
650 #0 - SUBJECT ADDED ENTRY--TOPICAL TERM
Topical term or geographic name as entry element Vector analysis
942 ## - ADDED ENTRY ELEMENTS (KOHA)
Koha item type General Book
Holdings
Withdrawn status Date acquired Koha issues (times borrowed) Source of classification or shelving scheme Shelving location Lost status Damaged status Koha date last seen Price effective from Koha out on loan Location (home branch) Koha item type Koha date last borrowed Piece designation (barcode) Not for loan Copy number Koha normalized classification for sorting Sublocation or collection (holding branch) Koha renewals Koha full call number
 2014-11-293 Circulation section  2022-12-132014-11-292022-12-27Central Library, BUETGeneral Book2022-12-1387531 8516_830000000000000_ALI_1993Central Library, BUET 516.83/ALI/1993
 2014-12-2113 Circulation section  2025-05-132014-12-21 Central Library, BUETGeneral Book2025-04-2987528 2516_830000000000000_ALI_1998Central Library, BUET1516.83/ALI/1998
 2015-01-27  Circulation section  2016-04-022015-01-27 Central Library, BUETGeneral Book 87530 3516_830000000000000_ALI_1998Central Library, BUET 516.83/ALI/1998
 2015-01-316 Circulation section  2025-11-302015-01-31 Central Library, BUETGeneral Book2022-12-1348783 4516_830000000000000_ALI_1998Central Library, BUET 516.83/ALI/1998
 2015-02-115 Circulation section  2020-11-032015-02-11 Central Library, BUETGeneral Book2020-01-0594102 1516_830000000000000_ALI_1998Central Library, BUET 516.83/ALI/1998
 2015-04-118 Circulation section  2025-11-182015-04-11 Central Library, BUETGeneral Book2024-04-0287525 7516_830000000000000_ALI_1993Central Library, BUET 516.83/ALI/1993
 2015-04-236 Circulation section  2025-11-292015-04-23 Central Library, BUETGeneral Book2023-09-2787526 6516_830000000000000_ALI_1993Central Library, BUET 516.83/ALI/1993
 2015-05-032 Circulation section  2022-05-252015-05-03 Central Library, BUETGeneral Book2022-03-3087529 7516_830000000000000_ALI_1993Central Library, BUET 516.83/ALI/1993
 2015-06-07  Reading section  2015-06-072015-06-07 Central Library, BUETReading Item 87550 9516_830000000000000_ALI_1993Central Library, BUET 516.83/ALI/1993
 2015-06-07  Reading section  2015-06-072015-06-07 Central Library, BUETReading Item 92374 10516_830000000000000_ALI_1993Central Library, BUET 516.83/ALI/1993
 2015-06-08  Reading section  2015-06-082015-06-08 Central Library, BUETReading Item 94100 12516_830000000000000_ALI_1993Central Library, BUET 516.83/ALI/1993
 2015-06-14  Reading section  2015-06-142015-06-14 Central Library, BUETReading Item 87551 13516_830000000000000_ALI_1993Central Library, BUET 516.83/ALI/1993
 2015-09-02  Circulation section  2017-03-042015-09-02 Central Library, BUETGeneral Book 87527 14516_830000000000000_ALI_1993Central Library, BUET 516.83/ALI/1993